Cryptic Combination Clues Quiz Stats

 Plays Quiz not verified by Sporcle

Challenge
Share
Tweet
Score 0/30 Timer 06:00
0 Plays Today
Word 1 Cryptic Clue and Answer % Correct
 ↓ Hold back precipitation so that it might relax ↓
100%
 ↓ A Conservative MP who supports the inclusion of magma in toilets ↓
99.8%
 ↓ Short poem composed by a green Mr. Astley ↓
99.8%
↓↓↓↓↓↓ A stone masquerading as a plant ↓
99.8%
camo↓ A protective crust formed over a wound on a minstrel's sword-sheath ↓
99.8%
coin↓ A military officer in charge of a corridor on the Red Planet ↓
99.8%
lava↓ Happen at the same time as money-killing ↓
99.8%
lime↓ Find a music album above your head ↓
99.8%
mass↓ Mr. Strauss, cause a British gallery to fly ↓
99.8%
rest↓ The class into which Ms. Blanchett falls when she is covered in blood ↓
99.8%
sham↓ What a sled-driver might say to a chamber full of fungi ↓
99.8%
warp↓ 1,760 yards of disguised tea ↓
99.8%
↑↑↑↑↑↓ Twist a road so it can be used for conflict-era aircraft ↓
99.8%
 ↓ Slaughter of a Christian religious service over 4,840 square yards ↓
99.8%
 ↓ Mr. Laurel, tip your hat when in a stalemate ↓
99.8%
Word 1 Cryptic Clue and Answer % Correct
Stanmush + room = mushroom
75.3%
 lava + Tory = lavatory
73.6%
Catescab + bard = scabbard
73.2%
scabCate + gory = category
71%
mushLevi + Tate = levitate
70.7%
 mass + acre = massacre
70.5%
 camo + mile = camomile
69.4%
discMars + hall = marshall
68.7%
Marsdisc + over = discover
68.5%
 sham + rock = shamrock
67.5%
 Stan + doff = standoff
67.4%
 lime + Rick = limerick
67.3%
Levicoin + cide = coincide
63.3%
 rest + rain = restrain
62.9%
 warp + lane = warplane
55.2%

You're not logged in!

Compare scores with friends on all Sporcle quizzes.
OR
Log In

You Might Also Like...

Show Comments

Extras

Top Quizzes Today


Score Distribution

Your Account Isn't Verified!

In order to create a playlist on Sporcle, you need to verify the email address you used during registration. Go to your Sporcle Settings to finish the process.

Report this User

Report this user for behavior that violates our Community Guidelines.

Details: